L'aléatoire, le quiz #1 - Statistiques

Statistiques générales
  • Ce quiz a été pris 537 fois
  • Le résultat moyen est 2 sur 50
Answers on the Grid
Answers color-coded by a green-red scale on the quiz's grid according to % correct below.
?????
?????
?????
?????
?????
?????
?????
?????
?????
?????
?????
?????
?????
?????
?????
?????
?????
?????
?????
?????
?????
?????
?????
?????
?????
?????
?????
?????
?????
?????
?????
?????
?????
?????
?????
?????
?????
?????
?????
?????
?????
?????
?????
?????
?????
?????
?????
?????
?????
?????
?????
?????
?????
?????
?????
?????
?????
?????
?????
?????
?????
?????
?????
?????
?????
?????
?????
?????
?????
?????
?????
?????
?????
?????
?????
?????
?????
?????
?????
?????
?????
?????
?????
?????
?????
?????
?????
?????
?????
?????
?????
?????
?????
?????
?????
?????
?????
?????
?????
?????
 
Statistiques - réponses
Réponse % Correct
?????
7%
?????
7%
?????
6%
?????
6%
?????
6%
?????
6%
?????
6%
?????
6%
?????
5%
?????
5%
?????
5%
?????
5%
?????
5%
?????
5%
?????
5%
?????
5%
?????
4%
?????
4%
?????
4%
?????
4%
?????
4%
?????
4%
?????
4%
?????
4%
?????
4%
?????
4%
?????
4%
?????
4%
?????
4%
?????
3%
?????
3%
?????
3%
?????
3%
?????
3%
?????
3%
?????
2%
?????
2%
?????
2%
?????
2%
?????
2%
?????
2%
?????
2%
?????
2%
?????
2%
?????
1%
?????
1%
?????
1%
?????
1%
?????
1%
?????
1%
Aucun quiz correspondant
Distribution des résultats
% des personnes avec chaque résultat
Percentile par nombre de réponses
Votre historique - résultats
Vous n’avez pas pris ce quiz